=LDR 00000nam 2200000 4500 =001 NUTBA000000000002451 =005 20140617095220.0 =006 =007 =008 =020 ##$$a 978-979-25-4717-7 =035 ##$$0010-061400000000394 =040 ##$$a NBPDMAT =082 ##$$a 925 =090 ##$$a 925 $b And k =100 ##$$a Andromeda Abrar =245 ##$$a Kisah ilmuwan & pebisnis genius / $c Andromeda =260 ##$$a Jogjakarta : $b Garasi, $c 2011 =300 ##$$a 138 hlm. $b ilus. ; $c 20 cm. =500 ##$$a Indeks : hlm. 137 =650 ##$$a Ilmuwan =700 ##$$a Meita Sandra =850 ##$$a NBPDMAT =990 ##$$a 21403747 =990 ##$$a 0001/BPAP-NTB/2016 =990 ##$$a 0001/BPAP-NTB/2016